[Event "Titled Tuesday intern op 24th Oct Late"]
[Site "Chess.com INT"]
[Date "2023.10.24"]
[Round "8"]
[White "Kappeler, Kaspar"]
[Black "Schain, Randolph"]
[Result "1-0"]
[WhiteElo "2177"]
[BlackElo "2116"]
[PlyCount "125"]
[EventDate "2023.10.24"]
[EventType "swiss (blitz)"]
[EventRounds "11"]
[EventCountry "USA"]
[SourceTitle "Mega2024 Update 01"]
[Source "Chessbase"]
[SourceDate "2023.11.12"]
[SourceVersion "1"]
[SourceVersionDate "2023.11.12"]
[SourceQuality "1"]

1. d4 Nf6 2. c4 e5 3. dxe5 Ng4 4. Nf3 Nc6 5. Nc3 Ngxe5 6. Nxe5 Nxe5 7. e3 d6 8. Be2 Be6 9. 0-0 g6 10. f4 Nd7 11. e4 f5 12. exf5 Bxf5 13. Bf3 c6 14. Re1+ Kf7 15. g4 Be6 16. f5 gxf5 17. gxf5 Rg8+ 18. Kh1 Bxf5 19. Bh5+ Bg6 20. Qf3+ Qf6 21. Qh3 Ne5 22. Rf1 Qxf1+ 23. Qxf1+ Kg7 24. Bxg6 Nxg6 25. Be3 Be7 26. Bd4+ Ne5 27. Bxe5+ dxe5 28. Qf5 Raf8 29. Rg1+ Kh8 30. Qxe5+ Bf6 31. Rxg8+ Kxg8 32. Qe6+ Kh8 33. Ne4 Bd4 34. Ng3 Rg8 35. Qf7 b5 36. cxb5 cxb5 37. b3 a5 38. Kg2 a4 39. bxa4 bxa4 40. Qc4 Rg4 41. Qc8+ Rg8 42. Qa6 Be5 43. Qxa4 h5 44. Qh4 Bb8 45. Qxh5+ Kg7 46. Qg5+ Kf7 47. Qf5+ Kg7 48. a4 Kh6 49. a5 Rg5 50. Qf6+ Rg6 51. Qh4+ Kg7 52. Qe7+ Kh6 53. Qe3+ Kg7 54. Qd3 Rg5 55. a6 Re5 56. Qc3 Kg6 57. Qc2+ Kg5 58. Qc1+ Kg4 59. Qb2 Re3 60. Qxb8 Ra3 61. Qg8+ Kh4 62. Qh8+ Kg4 63. Qg8+ 1-0

[Event "Titled Tuesday intern op 24th Oct Late"]
[Site "Chess.com INT"]
[Date "2023.10.24"]
[Round "6"]
[White "Schain, Randolph"]
[Black "Gulamirian, Korun"]
[Result "1-0"]
[WhiteElo "2116"]
[BlackElo "1816"]
[PlyCount "87"]
[EventDate "2023.10.24"]
[EventType "swiss (blitz)"]
[EventRounds "11"]
[EventCountry "USA"]
[SourceTitle "Mega2024 Update 01"]
[Source "Chessbase"]
[SourceDate "2023.11.12"]
[SourceVersion "1"]
[SourceVersionDate "2023.11.12"]
[SourceQuality "1"]

1. e4 e5 2. Nf3 Nc6 3. Bb5 a6 4. Ba4 Nf6 5. 0-0 Be7 6. Re1 b5 7. Bb3 0-0 8. h3 d6 9. c3 Rb8 10. d4 Na5 11. Bc2 exd4 12. cxd4 Bb7 13. d5 Nc4 14. Nc3 Ne5 15. Nxe5 dxe5 16. Be3 c5 17. Ne2 Qd6 18. Ng3 Bc8 19. Rc1 Bd7 20. Nh5 g6 21. Nxf6+ Bxf6 22. Qf3 Bg7 23. b3 Rbc8 24. Bd3 f5 25. exf5 Bxf5 26. Bxf5 Rxf5 27. Qe4 c4 28. bxc4 bxc4 29. Rxc4 Rxc4 30. Qxc4 h6 31. Bc5 Qf6 32. d6+ Kh7 33. Qxa6 e4 34. Qc4 Qd8 35. Rxe4 h5 36. Re7 Qa5 37. Bd4 Re5 38. Rxg7+ Kxg7 39. Bxe5+ Qxe5 40. Qd3 Qe1+ 41. Kh2 Qe5+ 42. Qg3 Qe6 43. Qf4 Qd7 44. Qe5+ 1-0

[Event "Asia-ch Seniors"]
[Site "Tagaytay City"]
[Date "2023.10.20"]
[Round "8"]
[White "Schain, Randolph"]
[Black "Bagamasbad, Efren"]
[Result "1/2-1/2"]
[WhiteElo "2116"]
[BlackElo "2016"]
[PlyCount "39"]
[EventDate "2023.10.15"]
[EventType "swiss"]
[EventRounds "9"]
[EventCountry "PHI"]
[SourceTitle "Mega2024 Update 01"]
[Source "Chessbase"]
[SourceDate "2023.11.12"]
[SourceVersion "1"]
[SourceVersionDate "2023.11.12"]
[SourceQuality "1"]

1. e4 e6 2. d4 d5 3. Nd2 dxe4 4. Nxe4 Bd7 5. Nf3 Bc6 6. Bd3 Nd7 7. 0-0 Ngf6 8. Re1 Bxe4 9. Bxe4 Nxe4 10. Rxe4 Nf6 11. Re1 Bd6 12. Bg5 0-0 13. Qe2 c6 14. Rad1 h6 15. Bh4 Be7 16. c3 Qa5 17. a3 Nd5 18. Bxe7 Nxe7 19. Ne5 Rad8 20. h3 1/2-1/2

[Event "Asia-ch Seniors"]
[Site "Tagaytay City"]
[Date "2023.10.16"]
[Round "3"]
[White "Mangubat, Mario"]
[Black "Schain, Randolph"]
[Result "1/2-1/2"]
[WhiteElo "2038"]
[BlackElo "2116"]
[PlyCount "72"]
[EventDate "2023.10.15"]
[EventType "swiss"]
[EventRounds "9"]
[EventCountry "PHI"]
[SourceTitle "Mega2024 Update 01"]
[Source "Chessbase"]
[SourceDate "2023.11.12"]
[SourceVersion "1"]
[SourceVersionDate "2023.11.12"]
[SourceQuality "1"]

1. e4 c5 2. Nf3 d6 3. Bb5+ Nd7 4. d4 a6 5. Bxd7+ Bxd7 6. 0-0 cxd4 7. Qxd4 Bc6 8. Nc3 Nf6 9. Bg5 e6 10. Rad1 Be7 11. e5 Bxf3 12. exf6 gxf6 13. gxf3 Rg8 14. f4 fxg5 15. f5 Bf6 16. Qa4+ Qd7 17. fxe6 fxe6 18. Qxd7+ Kxd7 19. Ne4 Be5 20. c4 Ke7 21. Rd3 Rac8 22. Rfd1 Rc6 23. b3 h6 24. Nd2 Rf8 25. Re1 Bf4 26. Ne4 Rf5 27. Nc3 Rc8 28. Nd5+ Kf7 29. Nxf4 gxf4 30. Rxd6 Rg8+ 31. Kf1 Rg6 32. Ke2 Rg2 33. Kf3 Rxh2 34. Rexe6 h5 35. Rb6 a5 36. a4 Rh3+ 1/2-1/2

[Event "Titled Tuesday intern op 18th Jul Early"]
[Site "Chess.com INT"]
[Date "2023.07.18"]
[Round "6"]
[White "Schain, Randolph"]
[Black "Zampronha, Wladimir Camilo"]
[Result "0-1"]
[WhiteElo "2116"]
[BlackElo "2176"]
[PlyCount "58"]
[EventDate "2023.07.18"]
[EventType "swiss (blitz)"]
[EventRounds "11"]
[EventCountry "USA"]
[SourceTitle "EXT 2024"]
[Source "ChessBase"]
[SourceDate "2023.10.10"]
[SourceVersion "1"]
[SourceVersionDate "2023.10.10"]
[SourceQuality "1"]

1. e4 c5 2. Nf3 e6 3. d3 Nc6 4. g3 g6 5. Bg2 Bg7 6. 0-0 Nge7 7. c3 d5 8. Qe2 0-0 9. e5 b5 10. Re1 a5 11. Bf4 a4 12. h4 b4 13. h5 a3 14. bxa3 bxc3 15. Nxc3 Nf5 16. hxg6 hxg6 17. Nb5 Ba6 18. Rab1 Bxb5 19. Rxb5 Ncd4 20. Qb2 Nxb5 21. Qxb5 Qa5 22. Qb1 Rfb8 23. Qd1 Qxa3 24. g4 Nd4 25. Ng5 Rb2 26. Bc1 Qxa2 27. Bxb2 Qxb2 28. f4 Ra2 29. Bh3 Qf2+ 0-1

[Event "Titled Tuesday intern op 11th Jul Early"]
[Site "Chess.com INT"]
[Date "2023.07.11"]
[Round "2"]
[White "Schain, Randolph"]
[Black "Sztokbant, Bernardo Vainzoff"]
[Result "0-1"]
[WhiteElo "2116"]
[BlackElo "2213"]
[PlyCount "46"]
[EventDate "2023.07.11"]
[EventType "swiss (blitz)"]
[EventRounds "11"]
[EventCountry "USA"]
[SourceTitle "EXT 2024"]
[Source "ChessBase"]
[SourceDate "2023.10.10"]
[SourceVersion "1"]
[SourceVersionDate "2023.10.10"]
[SourceQuality "1"]

1. e4 c6 2. d3 d5 3. Nd2 e5 4. g3 Bd6 5. Bg2 Nf6 6. Ngf3 0-0 7. 0-0 Nbd7 8. c3 h6 9. Re1 Re8 10. Nf1 Nf8 11. Qc2 Ng6 12. Ne3 Be6 13. Nf5 Bxf5 14. exf5 Nf8 15. d4 exd4 16. Nxd4 Rxe1+ 17. Bf1 Qe7 18. h3 Ne4 19. g4 Ng5 20. Bxg5 hxg5 21. f6 gxf6 22. Nf5 Qe5 23. Rxe1 Qh2# 0-1

[Event "Titled Tuesday intern op 27th Jun Late"]
[Site "Chess.com INT"]
[Date "2023.06.27"]
[Round "1"]
[White "Schain, Randolph"]
[Black "Perez, Maximiliano"]
[Result "0-1"]
[WhiteElo "2116"]
[BlackElo "2396"]
[PlyCount "50"]
[EventDate "2023.06.27"]
[EventType "swiss (blitz)"]
[EventRounds "11"]
[EventCountry "USA"]
[SourceTitle "EXT 2024"]
[Source "ChessBase"]
[SourceDate "2023.10.10"]
[SourceVersion "1"]
[SourceVersionDate "2023.10.10"]
[SourceQuality "1"]

1. e4 c5 2. Nf3 Nc6 3. d4 cxd4 4. Nxd4 e5 5. Nxc6 bxc6 6. Nc3 Nf6 7. Bg5 h6 8. Bh4 Rb8 9. Bc4 Be7 10. Bxf6 Bxf6 11. 0-0 0-0 12. Bb3 Bg5 13. Qd6 Ba6 14. Rfd1 Qb6 15. Qxe5 Kh8 16. Rxd7 Rbe8 17. Qf5 Bc8 18. Bxf7 Bxd7 19. Qxd7 Re7 20. Qg4 Rexf7 21. h4 Rxf2 22. Kh1 Rf1+ 23. Rxf1 Rxf1+ 24. Kh2 Qg1+ 25. Kg3 Bf4+ 0-1

[Event "Titled Tuesday intern op 20th Jun Late"]
[Site "Chess.com INT"]
[Date "2023.06.20"]
[Round "1"]
[White "Brunner, Nicolas"]
[Black "Schain, Randolph"]
[Result "1-0"]
[WhiteElo "2424"]
[BlackElo "2116"]
[PlyCount "69"]
[EventDate "2023.06.20"]
[EventType "swiss (blitz)"]
[EventRounds "11"]
[EventCountry "USA"]
[SourceTitle "EXT 2024"]
[Source "ChessBase"]
[SourceDate "2023.10.10"]
[SourceVersion "1"]
[SourceVersionDate "2023.10.10"]
[SourceQuality "1"]

1. Nf3 Nf6 2. g3 g6 3. Bg2 Bg7 4. 0-0 0-0 5. d4 d5 6. c4 c6 7. cxd5 cxd5 8. Nc3 Nc6 9. Ne5 Nxe5 10. dxe5 Ng4 11. Nxd5 Nxe5 12. Bg5 Nc6 13. Nxe7+ Nxe7 14. Qxd8 Rxd8 15. Bxe7 Re8 16. Ba3 Rxe2 17. Rfe1 Rxe1+ 18. Rxe1 Be6 19. b3 Rc8 20. Bxb7 Rc2 21. Bd5 Rxa2 22. Bxe6 fxe6 23. Bc5 Kf7 24. Rd1 Ke8 25. Rd6 e5 26. Re6+ Kf7 27. Re7+ Kf6 28. Rxa7 Rb2 29. b4 h5 30. h4 Bh6 31. Kg2 Bd2 32. Rb7 e4 33. b5 e3 34. Bd4+ Kf5 35. Bxb2 1-0

[Event "Titled Tuesday intern op 20th Jun Late"]
[Site "Chess.com INT"]
[Date "2023.06.20"]
[Round "2"]
[White "Kovalevsky, Stanislav"]
[Black "Schain, Randolph"]
[Result "1-0"]
[WhiteElo "2226"]
[BlackElo "2116"]
[PlyCount "97"]
[EventDate "2023.06.20"]
[EventType "swiss (blitz)"]
[EventRounds "11"]
[EventCountry "USA"]
[SourceTitle "EXT 2024"]
[Source "ChessBase"]
[SourceDate "2023.10.10"]
[SourceVersion "1"]
[SourceVersionDate "2023.10.10"]
[SourceQuality "1"]

1. c4 Nf6 2. Nc3 g6 3. g3 Bg7 4. Bg2 d6 5. e4 0-0 6. Nge2 c5 7. 0-0 Nc6 8. a3 Be6 9. d3 Qd7 10. Nf4 Bg4 11. f3 Be6 12. Rb1 a5 13. Bd2 Nd4 14. b4 axb4 15. axb4 b6 16. Nxe6 fxe6 17. e5 Nh5 18. f4 Ra3 19. bxc5 dxe5 20. cxb6 exf4 21. g4 f3 22. b7 Rb8 23. Bxf3 Nxf3+ 24. Qxf3 Nf6 25. Bf4 Qd4+ 26. Kh1 e5 27. Nb5 Qxd3 28. Nxa3 Qxf3+ 29. Rxf3 exf4 30. Rxf4 Nd7 31. Re4 Kf7 32. Nb5 Nc5 33. Re2 Rxb7 34. Nd6+ exd6 35. Rxb7+ Nxb7 36. Ra2 Nc5 37. Ra7+ Kf8 38. Kg1 Bd4+ 39. Kg2 h5 40. gxh5 gxh5 41. Kf3 Bg1 42. h3 Ne6 43. Rd7 Bc5 44. h4 Ng7 45. Ke4 Bb4 46. Rb7 Bc5 47. Kf4 Ba3 48. Kg5 Bc5 49. Kg6 1-0

[Event "Asian Continental Blitz op 19th"]
[Site "Delhi"]
[Date "2022.11.03"]
[Round "6"]
[White "Schain, Randolph"]
[Black "Jain, Kashish Manoj"]
[Result "1/2-1/2"]
[WhiteElo "2165"]
[BlackElo "2300"]
[PlyCount "119"]
[EventDate "2022.11.03"]
[EventType "swiss (blitz)"]
[EventRounds "9"]
[EventCountry "IND"]
[SourceTitle "EXT 2024"]
[Source "ChessBase"]
[SourceDate "2023.10.10"]
[SourceVersion "1"]
[SourceVersionDate "2023.10.10"]
[SourceQuality "1"]

1. d4 Nf6 2. Nc3 c5 3. d5 d6 4. e4 e6 5. Nf3 exd5 6. exd5 Be7 7. Be2 0-0 8. 0-0 Bg4 9. h3 Bh5 10. Re1 Nbd7 11. Bf4 a6 12. a4 Re8 13. Qd2 Bg6 14. Nh4 Ne4 15. Nxe4 Bxe4 16. Nf3 Nf6 17. c4 Qb6 18. Ng5 Bg6 19. Bf3 h6 20. Ne4 Nxe4 21. Bxe4 Bxe4 22. Rxe4 Bf6 23. Rxe8+ Rxe8 24. Rb1 Re4 25. b3 Rxc4 26. a5 Qb5 27. Bxd6 Rd4 28. Qe3 Rxd5 29. Bg3 Bd4 30. Qe7 Qd7 31. Qe4 Qf5 32. Qe8+ Kh7 33. Re1 Qf6 34. Re7 Rf5 35. Qd7 Bxf2+ 36. Bxf2 Rxf2 37. Qd3+ g6 38. Rxb7 Ra2 39. Qg3 Ra1+ 40. Kh2 Qf1 41. Qe5 Re1 42. Rxf7+ Qxf7 43. Qxe1 Qxb3 44. Qe7+ Kg8 45. Qe8+ Kg7 46. Qe7+ Qf7 47. Qxc5 Kh7 48. Qb6 Qf4+ 49. Kh1 Qc1+ 50. Kh2 Qf4+ 51. Kh1 Qf1+ 52. Kh2 h5 53. Qc7+ Kh6 54. Qb6 h4 55. Qd6 Kh5 56. Qe5+ g5 57. Qh8+ Kg6 58. Qg8+ Kh6 59. Qh8+ Kg6 60. Qg8+ 1/2-1/2

[Event "Asian Continental Blitz op 19th"]
[Site "Delhi"]
[Date "2022.11.03"]
[Round "7"]
[White "Winkelman, Albert"]
[Black "Schain, Randolph"]
[Result "1-0"]
[WhiteElo "2241"]
[BlackElo "2165"]
[PlyCount "94"]
[EventDate "2022.11.03"]
[EventType "swiss (blitz)"]
[EventRounds "9"]
[EventCountry "IND"]
[SourceTitle "EXT 2024"]
[Source "ChessBase"]
[SourceDate "2023.10.10"]
[SourceVersion "1"]
[SourceVersionDate "2023.10.10"]
[SourceQuality "1"]

1. Nf3 Nf6 2. b3 d5 3. Bb2 c5 4. e3 Nc6 5. Bb5 Bd7 6. 0-0 a6 7. Bxc6 Bxc6 8. Ne5 e6 9. Nxc6 bxc6 10. c4 Be7 11. Nc3 Rb8 12. Na4 0-0 13. Ba3 Nd7 14. Rc1 Qa5 15. d4 Rfc8 16. Qc2 Bf8 17. cxd5 cxd5 18. dxc5 Nb6 19. Nxb6 Rxb6 20. cxb6 Rxc2 21. Rxc2 Qxb6 22. Rc8 h6 23. Bxf8 Kh7 24. b4 a5 25. a3 axb4 26. axb4 d4 27. exd4 Qxd4 28. Bc5 Qd7 29. Ra8 f5 30. Ra3 e5 31. Rb1 Qb5 32. Ra5 Qd3 33. Re1 f4 34. Raa1 e4 35. Rad1 Qc2 36. Bd6 f3 37. gxf3 exf3 38. Bg3 Qc4 39. Re3 Qxb4 40. Rxf3 Qg4 41. Rfd3 h5 42. f3 Qg6 43. Rd4 Qc2 44. R1d2 Qc1+ 45. Kg2 g5 46. Rd7+ Kg6 47. R2d6+ Kf5 1-0

[Event "Asian Continental op 19th"]
[Site "Delhi"]
[Date "2022.10.26"]
[Round "1"]
[White "Schain, Randolph"]
[Black "Pranesh, M."]
[Result "0-1"]
[WhiteElo "2165"]
[BlackElo "2442"]
[PlyCount "77"]
[EventDate "2022.10.26"]
[EventType "swiss"]
[EventRounds "9"]
[EventCountry "IND"]
[SourceTitle "EXT 2024"]
[Source "ChessBase"]
[SourceDate "2023.10.10"]
[SourceVersion "1"]
[SourceVersionDate "2023.10.10"]
[SourceQuality "1"]

1. d4 d5 2. Nc3 Nf6 3. Bg5 a6 4. Bxf6 exf6 5. e4 dxe4 6. Nxe4 f5 7. Nc3 Bd6 8. Nf3 0-0 9. Be2 Nd7 10. 0-0 Nf6 11. Re1 g6 12. Qd2 b5 13. a3 Bb7 14. Rad1 Re8 15. h3 Ne4 16. Qd3 c5 17. dxc5 Bxc5 18. Nxe4 fxe4 19. Qxd8 Raxd8 20. Nh2 e3 21. fxe3 Bxe3+ 22. Kf1 Bd2 23. Bf3 Rxe1+ 24. Rxe1 Bxf3 25. Nxf3 Bxe1 26. Kxe1 f5 27. Ke2 Kg7 28. Ke3 Kf6 29. b3 g5 30. c4 bxc4 31. bxc4 Re8+ 32. Kd3 g4 33. hxg4 fxg4 34. Nd4 Ke5 35. Kc3 h5 36. g3 h4 37. gxh4 g3 38. h5 g2 39. h6 0-1

[Event "Asian Continental op 17th"]
[Site "Makati"]
[Date "2018.12.10"]
[Round "1"]
[White "Liu, Yan"]
[Black "Schain, Randolph"]
[Result "1-0"]
[WhiteElo "2495"]
[BlackElo "2229"]
[PlyCount "89"]
[EventDate "2018.12.10"]
[EventType "swiss"]
[EventRounds "9"]
[EventCountry "PHI"]
[SourceTitle "CBM 187 Extra"]
[Source "ChessBase"]
[SourceDate "2018.11.04"]
[SourceVersion "1"]
[SourceVersionDate "2018.11.04"]
[SourceQuality "1"]

1. Nf3 Nf6 2. c4 d6 3. d4 g6 4. g3 Bg7 5. Bg2 0-0 6. 0-0 c5 7. b3 Nc6 8. Bb2 Qc7 9. Nc3 Bf5 10. d5 Ne5 11. Nxe5 dxe5 12. d6 exd6 13. Nb5 Qe7 14. Qxd6 Rfe8 15. Qxe7 Rxe7 16. Ba3 Rd7 17. Bxc5 Rd2 18. Bxb7 Rb8 19. Be3 Rxe2 20. Bf3 Rxe3 21. fxe3 e4 22. Be2 Ng4 23. Bxg4 Bxg4 24. Rac1 Rd8 25. c5 Bh6 26. Rc3 Be2 27. Nd6 Bxf1 28. Kxf1 Bg7 29. Rc2 Be5 30. Nxe4 f5 31. Nf2 Kf7 32. Ke2 Ke6 33. Nd3 Bc7 34. b4 Kd5 35. b5 g5 36. Nb4+ Ke6 37. Nc6 Ra8 38. a4 h5 39. a5 f4 40. gxf4 gxf4 41. b6 axb6 42. axb6 Kd7 43. Na7 Be5 44. c6+ Ke6 45. c7 1-0

[Event "New York op"]
[Site "New York"]
[Date "1991.??.??"]
[Round "?"]
[White "Schain, Randolph"]
[Black "Bonin, Jay R"]
[Result "1/2-1/2"]
[WhiteElo "2235"]
[BlackElo "2435"]
[PlyCount "41"]
[EventDate "1991.03.??"]
[EventType "swiss"]
[EventRounds "9"]
[EventCountry "USA"]
[SourceTitle "EXT 1998"]
[Source "ChessBase"]
[SourceDate "1997.11.17"]
[SourceVersion "1"]
[SourceVersionDate "1997.11.17"]
[SourceQuality "1"]

1. e4 e6 2. d4 d5 3. Nd2 Nf6 4. exd5 exd5 5. Bd3 Bg4 6. Ngf3 Nc6 7. c3 Bd6 8. 0-0 0-0 9. Re1 Qd7 10. Nf1 Rae8 11. Ne3 Bh5 12. Bd2 Ne4 13. Be2 Nxd2 14. Qxd2 Bf4 15. Bd1 Qd6 16. g3 Bh6 17. Nh4 Bxd1 18. Raxd1 g6 19. Qd3 a6 20. Nf3 Bg7 21. Qc2 1/2-1/2

[Event "World op 18th"]
[Site "Philadelphia"]
[Date "1990.??.??"]
[Round "3"]
[White "Gurevich, Ilya"]
[Black "Schain, Randolph"]
[Result "1-0"]
[WhiteElo "2410"]
[BlackElo "2255"]
[PlyCount "65"]
[EventDate "1990.06.??"]
[EventType "swiss"]
[EventRounds "9"]
[EventCountry "USA"]
[SourceTitle "EXT 1997"]
[Source "ChessBase"]
[SourceDate "1996.11.15"]
[SourceVersion "1"]
[SourceVersionDate "1996.11.15"]
[SourceQuality "1"]

1. e4 e6 2. d4 d5 3. Nd2 Nc6 4. Ngf3 Nf6 5. e5 Nd7 6. Be2 Be7 7. Nf1 f6 8. exf6 Bxf6 9. Ne3 0-0 10. 0-0 Kh8 11. c3 Qe8 12. Ng4 e5 13. dxe5 Ncxe5 14. Ngxe5 Bxe5 15. Re1 Qf7 16. Be3 Bf6 17. Qd2 c6 18. Bd4 Bxd4 19. cxd4 Nf6 20. Bd3 Bg4 21. Ng5 Qd7 22. f3 Bf5 23. Bxf5 Qxf5 24. Re5 Qg6 25. Rae1 Rfe8 26. h4 Nd7 27. Re7 Rxe7 28. Rxe7 Nf6 29. Rxb7 Qb1+ 30. Kh2 Qxa2 31. Nf7+ Kg8 32. Qg5 Ne8 33. Nh6+ 1-0

[Event "Manhattan CC"]
[Site "New York"]
[Date "1989.??.??"]
[Round "?"]
[White "Schain, Randolph"]
[Black "Bonin, Jay R"]
[Result "1/2-1/2"]
[WhiteElo "2280"]
[BlackElo "2400"]
[PlyCount "67"]
[EventDate "1989.??.??"]
[EventType "swiss"]
[EventRounds "9"]
[EventCountry "USA"]
[SourceTitle "EXT 1997"]
[Source "ChessBase"]
[SourceDate "1996.11.15"]
[SourceVersion "1"]
[SourceVersionDate "1996.11.15"]
[SourceQuality "1"]

1. e4 e6 2. d4 d5 3. Nd2 c5 4. exd5 Qxd5 5. dxc5 Bxc5 6. Ngf3 Nf6 7. Bc4 Qd6 8. 0-0 Nc6 9. Nb3 Qxd1 10. Rxd1 Bb6 11. Bf4 Bd7 12. Rd2 h6 13. Rad1 0-0-0 14. Ne5 Nxe5 15. Bxe5 Ne4 16. Re2 Bb5 17. Bd3 Bc6 18. Rde1 Nf6 19. h3 Nd5 20. a3 f6 21. Bg3 e5 22. Nd2 g5 23. Nc4 Bc7 24. Be4 Ne7 25. Bxc6 Nxc6 26. c3 Rd3 27. Rd2 Rxd2 28. Nxd2 Rd8 29. Re2 b5 30. f3 f5 31. Kf1 e4 32. Bxc7 exf3 33. Bxd8 fxe2+ 34. Kxe2 1/2-1/2

[Event "Philadelphia op"]
[Site "Philadelphia"]
[Date "1987.??.??"]
[Round "?"]
[White "Colias, Billy"]
[Black "Schain, Randolph"]
[Result "1/2-1/2"]
[WhiteElo "2245"]
[BlackElo "2270"]
[PlyCount "77"]
[EventDate "1987.06.??"]
[EventType "swiss"]
[EventRounds "10"]
[EventCountry "USA"]
[SourceTitle "EXT 1997"]
[Source "ChessBase"]
[SourceDate "1996.11.15"]
[SourceVersion "1"]
[SourceVersionDate "1996.11.15"]
[SourceQuality "1"]

1. e4 c5 2. Nf3 d6 3. d4 cxd4 4. Nxd4 Nf6 5. Nc3 g6 6. Be3 Bg7 7. f3 0-0 8. Qd2 Nc6 9. Bc4 Bd7 10. 0-0-0 Rc8 11. Bb3 Ne5 12. h4 Nc4 13. Bxc4 Rxc4 14. h5 Qc7 15. Nb3 Rc8 16. g4 Be6 17. Rh2 a5 18. Nd4 a4 19. Nxe6 fxe6 20. Nb5 Qd7 21. Na3 R4c6 22. hxg6 hxg6 23. Bh6 Bh8 24. Rdh1 Kf7 25. Qd3 e5 26. Bf8 Rxf8 27. Rxh8 Rxh8 28. Rxh8 Rc8 29. Rh6 Kg7 30. Qe3 b5 31. Qg5 Qe8 32. Rh1 b4 33. Qh6+ Kf7 34. Nb1 Qc6 35. Qd2 Qc4 36. a3 bxa3 37. Nxa3 Qa2 38. Nb1 Rb8 39. Qc3 1/2-1/2